| 000 | 01016nam a22002897a 4500 | ||
|---|---|---|---|
| 001 | BD-DhSAU 9032 | ||
| 003 | BD-DhSAU | ||
| 005 | 20190108100949.0 | ||
| 008 | 150612b2016 bg a||||r|||| 000 0 eng d | ||
| 040 | _aBD-DhSAU | ||
| 082 |
_222 _a631.4 _bM2788 |
||
| 100 |
_aMahmud , Khondokar Feroz _4Registration No: 10-04053 |
||
| 245 |
_aEffect of Sulphur and Zinc on the growth and yield of Wheat / _cMahmud , Khondokar Feroz _bMs Thesis |
||
| 260 |
_aSher-e- Bangla Agricultural University : _bDepartment of soil science, _c2016. |
||
| 300 |
_aviii , 73 p. : _bill. , _c30 cm. |
||
| 504 | _aIncludes bibliographical references. | ||
| 590 | _aShofi | ||
| 650 | _aSoil science | ||
| 650 | _aGrowth and yield | ||
| 650 | _aSulphur | ||
| 650 | _a Zinc | ||
| 650 | _aWheat | ||
| 700 |
_aJahan , Mst. Afrose _eSupervisor |
||
| 700 |
_a Hossain , Mohammad Mosharraf _eCo-Supervisor |
||
| 856 |
_uhttp://archive.saulibrary.edu.bd:8080/xmlui/handle/123456789/1322 _yOnline Access |
||
| 942 |
_2ddc _cTHESIS |
||
| 999 |
_c14334 _d14333 |
||